000 nam a22 7a 4500
999 _c51612
_d51612
003 OSt
005 20220412123158.0
008 220412b xxu||||| |||| 00| 0 eng d
040 _cSEROSOFT
100 _aBARE ACT
245 _aENVIRONMENTAL LAW
260 _aCOMMERCIAL LAW PUB
_bCOMMERCIAL LAW PUB
300 _a353
942 _2ddc
_c01